000 00480nam a22002057a 4500
001 22207
005 20260408141211.0
008 260408b |||||||| |||| 00| 0 spa d
041 _aESP
082 _a791.430233092
_bC35
100 _aCastro de Paz, José Luis,
_eAUT
245 _aAlfred Hitchcock
260 _a :
_b ,
_c2000
300 _a000 páginas :
_b ;
_c00 cm.
440 _a ;
650 _aLYR
654 _aCHU
700 _a;
942 _cLIB
_dJUS
_fJUS
_n0
_2ddc
999 _c22207
_d22207